000 00612pam a2200169 a 4500
020 _a0875185576
040 _cDLC
082 0 0 _a947 DIL 1992 A101 Or.
_aB
100 1 _aWhitelaw, Nancy.
245 1 0 _aJoseph Stalin :
_bfrom peasant to premier /
250 _a1st ed.
260 _aNew York :
_bDillon Press ;
_aToronto :
_bMaxwell Macmillan Canada ;
_aNew York :
_bMaxwell Macmillan International,
_cc1992.
300 _a149 p. :
_bill. ;
_c24 cm.
520 _aExamines the life and times of Joseph Stalin, the dictatorial leader of the Soviet Union from 1925 to 1953.
650 1 _aHeads of state.
942 _cEK
999 _c13481
_d13481